000 00596cam a22002175a 4500
001 L153544
002 17967
008 110804s2010 xxk f 000 0 eng d
020 _a9780728205680
035 _a(Sirsi) u153544
041 0 _aeng
050 0 4 _a333.332 $2 18
100 1 _aArmatys, John
245 0 0 _aPrinciples of valuation
250 _a2nd ed.
260 _aLondon
_bEstates Gazette
_c2010
520 _aAn introductory guide to valuation methodology from first principles.
651 4 _aENGLAND AND WALES
690 _aPROPERTY-PROPERTY APPRAISAL AND VALUATION
942 _n0
999 _c112585
_d112585